Elementary Soil and Water Engineering (Record no. 19035)
[ view plain ]
| 000 -LEADER | |
|---|---|
| fixed length control field | 00400nam a22001577a 4500 |
| 003 - CONTROL NUMBER IDENTIFIER | |
| control field | OSt |
| 008 - FIXED-LENGTH DATA ELEMENTS--GENERAL INFORMATION | |
| fixed length control field | 250116b |||||||| |||| 00| 0 eng d |
| 041 ## - LANGUAGE CODE | |
| Language code of text/sound track or separate title | eng |
| 082 ## - DEWEY DECIMAL CLASSIFICATION NUMBER | |
| Classification number | 631.45 |
| Item number | SCH/EL |
| 100 ## - MAIN ENTRY--AUTHOR NAME | |
| Personal name | Schwab, Glenmo |
| 245 ## - TITLE STATEMENT | |
| Title | Elementary Soil and Water Engineering |
| 250 ## - EDITION STATEMENT | |
| Edition statement | 3rd |
| 260 ## - PUBLICATION, DISTRIBUTION, ETC. (IMPRINT) | |
| Place of publication | New York: |
| Name of publisher | John Welly & Sons, |
| Year of publication | 1985. |
| 700 ## - ADDED ENTRY--PERSONAL NAME | |
| Personal name | Frevert, Richard K |
| 942 ## - ADDED ENTRY ELEMENTS (KOHA) | |
| Koha item type | Books |
| Withdrawn status | Lost status | Damaged status | Home library | Current library | Date acquired | Source of acquisition | Cost, normal purchase price | Full call number | Accession Number | Koha item type |
|---|---|---|---|---|---|---|---|---|---|---|
| Withdrawn | KAUAET | KAUAET | 16/01/2025 | Standard Book House, Thrissur. | 342.54 | 631.45 SCH/EL | 15373 | Books |
